Ein beitrag zur bibliographie der cancioneros und zur geschichte der spanischen kunstlyrik (Record no. 167961)

MARC details
000 -LEADER
campo de control de longitud fija 00734nam a22001815i 4500
001 - NÚMERO DE CONTROL
campo de control 167961
003 - IDENTIFICADOR DE NÚMERO DE CONTROL
campo de control ES-MaACL
005 - FECHA Y HORA DE LA ÚLTIMA TRANSACCIÓN
campo de control 20250626063214.0
008 - DATOS DE LONGITUD FIJA--INFORMACIÓN GENERAL
campo de control de longitud fija 050930s1853 au | |||||||| ||ger d
040 ## - FUENTE DE CATALOGACIÓN
Centro catalogador/agencia de origen CAM
Lengua de catalogación spa
Centro/agencia transcriptor CAM
100 1# - ENTRADA PRINCIPAL--NOMBRE DE PERSONA
Nombre de persona Wolf, Ferdinand Joseph,
Fechas asociadas al nombre 1796-1866
9 (RLIN) 133954
245 14 - MENCIÓN DEL TÍTULO
Título Ein beitrag zur bibliographie der cancioneros und zur geschichte der spanischen kunstlyrik
Resto del título : am hofe Kaiser Karl's V /
Mención de responsabilidad, etc. von Ferdinand Wolf.
260 ## - PUBLICACIÓN, DISTRIBUCIÓN, ETC.
Lugar de publicación, distribución, etc. Wien :
Nombre del editor, distribuidor, etc. Aus der K.K. Hof,
Fecha de publicación, distribución, etc. 1853.
300 ## - DESCRIPCIÓN FÍSICA
Extensión 54 p. ;
Dimensiones 23 cm.
650 #4 - PUNTO DE ACCESO ADICIONAL DE MATERIA--TÉRMINO DE MATERIA
Término de materia o nombre geográfico como elemento de entrada Poesía española-
Subdivisión cronológica Hasta S.XV-
Subdivisión de forma Bibliografías.
9 (RLIN) 154792
852 ## - LOCALIZACIÓN
Ubicación ES-MaACL
Número de control de estantería T-245-F-4
Nota libre -- Enc. hol., falto de la cub. original
-- -- Enc. en un vol. facticio
Holdings
Estatus retirado Estado de pérdida Estado de daño No para préstamo Colección Biblioteca de origen Biblioteca actual Ubicación en estantería Fecha de adquisición Total de préstamos Signatura topográfica completa Código de barras Visto por última vez Precio de reemplazo Tipo de ítem Koha
        Colección de folletos Biblioteca del Ateneo de Madrid Biblioteca del Ateneo de Madrid Depósito folletos 17/01/2008   T-245-F-4 1176210 23/02/2023 23/02/2023 Folleto